{"text_format":"3","workbook":"xlsx","n_sheets":2,"sheets":["SUMMARY","MATERIAL TAKE-OFF"],"not_rendered":{"charts":1,"images":3,"defined_names":3},"read":"whole","date_system":"1900"}

{"sheet":"SUMMARY","index":0,"n_rows":18,"n_cols":4,"rows_kept":18,"merged":[[12,0,12,1],[13,0,13,3],[17,0,17,1]]}
[]
["Project ID:"]
[]
["Address:"]
[]
["No. of Floors:",2]
[]
["Building GSF",2475]
[]
["DIVISION NO.","DESCRIPTION","TOTAL DIV. COST","TOTAL DIV. COST (PER SF)"]
[1000,"General Requirements",{"$f":"'MATERIAL TAKE-OFF'!P19","v":{"v":25777.3294444842,"d":"$25,777"}},{"$f":"C11/$B$8","v":{"v":10.415082603832,"d":"$10.42"}}]
[3200,"Exterior Improvements",{"$f":"'MATERIAL TAKE-OFF'!P88","v":{"v":217897.96656368722,"d":"$217,898"}},{"$f":"C12/$B$8","v":{"v":88.03958244997463,"d":"$88.04"}}]
["PROJECTED COST",null,{"$f":"SUM(C11:C12)","v":{"v":243675.29600817143,"d":"$243,675"}},{"$f":"SUM(D11:D12)","v":{"v":98.45466505380664,"d":"$98"}}]
[]
["OVERHEAD AND PROFIT",{"v":0.2,"d":"20%"},{"$f":"$C$13*B15","v":{"v":48735.059201634285,"d":"$48,735"}},{"$f":"$D$13*B15","v":{"v":19.690933010761327,"d":"$20"}}]
["INSURANCE",{"v":0.03,"d":"3%"},{"$f":"$C$13*B16","v":{"v":7310.258880245143,"d":"$7,310"}},{"$f":"$D$13*B16","v":{"v":2.953639951614199,"d":"$3"}}]
["CONTINGENCY",{"v":0.05,"d":"5%"},{"$f":"$C$13*B17","v":{"v":12183.764800408571,"d":"$12,184"}},{"$f":"$D$13*B17","v":{"v":4.922733252690332,"d":"$5"}}]
["SUGGESTED BASE BID",null,{"$f":"SUM(C13:C17)","v":{"v":311904.3788904594,"d":"$311,904"}},{"$f":"SUM(D13:D17)","v":{"v":126.02197126887249,"d":"$126"}}]

{"sheet":"MATERIAL TAKE-OFF","index":1,"n_rows":106,"n_cols":17,"rows_kept":106,"merged":[[2,10,2,11],[2,12,2,13],[3,10,3,11],[3,12,3,13],[4,10,4,11],[4,12,4,13],[5,10,5,11],[5,12,5,13],[6,10,6,11],[6,12,6,13],[7,10,7,11],[7,12,7,13],[10,1,10,14],[20,1,20,14],[22,1,86,1],[88,0,88,12],[89,0,89,13],[90,0,90,13],[91,0,91,13],[92,0,92,13],[93,0,93,12],[95,1,95,14]]}
[]
[]
["Project: "]
[]
["Address:"]
[]
["Scope:","EXTERIOR IMPROVEMENTS"]
[]
["Date:"]
["SR #","REF","DESCRIPTION","QUANTITY","UNIT","WASTAGE","QUANTITY W/ WASTAGE","LABOR HOURS","WAGES","TOTAL LABOR  HOUR","TOTAL LABOUR COST","MATERIAL RATE","TOTAL MATETRIAL COST","EQUIPMENT RATE","TOTAL EQUIPMENT COSTS","SUB COST"]
[null,"01. GENERAL REQUIREMENTS"]
[1,null,"Supervision and Coordination",1,"LS",{"v":0,"d":"0%"},{"$f":"(F12*D12)+D12","v":{"v":1,"d":"1.00"}},{"$f":"2.5%*$Q$12/I12","v":{"v":104.337275696077,"d":"104.337"}},{"v":52.21,"d":"$52.21"},{"$f":"H12*G12","v":{"v":104.337275696077,"d":"104.34"}},{"$f":"I12*J12","v":{"v":5447.449164092181,"d":"$5,447.45"}},{"v":0,"d":"$0.00"},{"$f":"L12*G12","v":{"v":0,"d":"$0.00"}},{"v":0,"d":"$0.00"},{"$f":"N12*G12","v":{"v":0,"d":"$0.00"}},{"$f":"IF(D12=\"\",\"\",(K12+M12+O12))","v":{"v":5447.449164092181,"d":"$5,447.45"}},{"$f":"SUM(P23:P88)/2","v":{"v":217897.96656368722,"d":"$217,897.97"}}]
[{"$f":"A12+1","v":2},null,"Submittals and Shop drawings",1,"LS",{"v":0,"d":"0%"},{"v":1,"d":"1.00"},{"$f":"1.65%*$Q$12/I13","v":{"v":68.86260195941082,"d":"68.863"}},{"v":52.21,"d":"$52.21"},{"v":68.86260195941082,"d":"68.86"},{"v":3595.316448300839,"d":"$3,595.32"},{"v":0,"d":"$0.00"},{"v":0,"d":"$0.00"},{"v":0,"d":"$0.00"},{"v":0,"d":"$0.00"},{"v":3595.316448300839,"d":"$3,595.32"}]
[3,null,"Final Cleaning",1,"LS",{"v":0,"d":"0%"},{"v":1,"d":"1.00"},{"$f":"0.85%*$Q$12/I14","v":{"v":35.47467373666618,"d":"35.475"}},{"v":52.21,"d":"$52.21"},{"v":35.47467373666618,"d":"35.47"},{"v":1852.1327157913415,"d":"$1,852.13"},{"v":0,"d":"$0.00"},{"v":0,"d":"$0.00"},{"v":0,"d":"$0.00"},{"v":0,"d":"$0.00"},{"v":1852.1327157913415,"d":"$1,852.13"}]
[4,null,"Mobilization Costs",1,"LS",{"v":0,"d":"0%"},{"v":1,"d":"1.00"},{"$f":"2.35%*$Q$12/I15","v":{"v":98.07703915431239,"d":"98.077"}},{"v":52.21,"d":"$52.21"},{"v":98.07703915431239,"d":"98.08"},{"v":5120.60221424665,"d":"$5,120.60"},{"v":0,"d":"$0.00"},{"v":0,"d":"$0.00"},{"v":0,"d":"$0.00"},{"v":0,"d":"$0.00"},{"v":5120.60221424665,"d":"$5,120.60"}]
[5,null,"Bond @ 2%",1,"LS",{"v":0,"d":"0%"},{"v":1,"d":"1.00"},{"$f":"2%*$Q$12/I16","v":{"v":83.4698205568616,"d":"83.470"}},{"v":52.21,"d":"$52.21"},{"v":83.4698205568616,"d":"83.47"},{"v":4357.959331273744,"d":"$4,357.96"},{"v":0,"d":"$0.00"},{"v":0,"d":"$0.00"},{"v":0,"d":"$0.00"},{"v":0,"d":"$0.00"},{"v":4357.959331273744,"d":"$4,357.96"}]
[6,null,"Temporary Control & Facilities",1,"LS",{"v":0,"d":"0%"},{"v":1,"d":"1.00"},{"$f":"0.98%*$Q$12/I17","v":{"v":40.90021207286218,"d":"40.900"}},{"v":52.21,"d":"$52.21"},{"v":40.90021207286218,"d":"40.90"},{"v":2135.4000723241347,"d":"$2,135.40"},{"v":0,"d":"$0.00"},{"v":0,"d":"$0.00"},{"v":0,"d":"$0.00"},{"v":0,"d":"$0.00"},{"v":2135.4000723241347,"d":"$2,135.40"}]
[7,null,"Scaffolding",1,"LS",{"v":0,"d":"0%"},{"v":1,"d":"1.00"},{"$f":"1.5%*$Q$12/I18","v":{"v":62.602365417646205,"d":"62.602"}},{"v":52.21,"d":"$52.21"},{"v":62.602365417646205,"d":"62.60"},{"v":3268.4694984553084,"d":"$3,268.47"},{"v":0,"d":"$0.00"},{"v":0,"d":"$0.00"},{"v":0,"d":"$0.00"},{"v":0,"d":"$0.00"},{"v":3268.4694984553084,"d":"$3,268.47"}]
[{"$f":"IF(E19=0,\"\",1+MAX(#REF!))","v":""},{"$nulls":13},"SUBTOTAL",{"$f":"SUM(P12:P18)","v":{"v":25777.3294444842,"d":"$25,777.33"}}]
[{"$f":"IF(E20=0,\"\",1+MAX(A19:A19))","v":""}]
[{"$f":"IF(E21=0,\"\",1+MAX(A19:A20))","v":""},"32. EXTERIOR IMPROVEMENTS"]
[{"$f":"IF(E22=0,\"\",1+MAX(A19:A21))","v":""},null,"Pavement & Curbs"]
[{"$f":"IF(D23=0,\"\",1+MAX(A$12:A22))","v":8},"C2\nC3\nLP1","8'' Masonry Wall (8' H) W/ (203 LF)\nBond Beam (8''x8'')",{"$f":"203*8","v":{"v":1624,"d":"1,624.00"}},"SF",{"v":0.1,"d":"10%"},{"$f":"(F23*D23)+D23","v":{"v":1786.4,"d":"1786.40"}},{"v":0.215,"d":"0.22"},{"v":47.95,"d":"$47.95"},{"$f":"H23*G23","v":{"v":384.076,"d":"384.08"}},{"$f":"I23*J23","v":{"v":18416.4442,"d":"$18,416.44"}},{"v":7.2,"d":"$7.20"},{"$f":"L23*G23","v":{"v":12862.080000000002,"d":"$12,862.08"}},{"v":0,"d":"$0.00"},{"$f":"N23*G23","v":{"v":0,"d":"$0.00"}},{"$f":"IF(D23=\"\",\"\",(K23+M23+O23))","v":{"v":31278.524200000003,"d":"$31,278.52"}}]
[{"$f":"IF(D24=0,\"\",1+MAX(A$12:A23))","v":9},null,"#4 Rebar",{"$f":"406*0.668","v":{"v":271.208,"d":"271.21"}},"LBS",{"v":0.1,"d":"10%"},{"v":298.3288,"d":"298.33"},0.01,{"v":47.95,"d":"$47.95"},{"v":2.983288,"d":"2.98"},{"v":143.0486596,"d":"$143.05"},{"v":0.9,"d":"$0.90"},{"v":268.49592,"d":"$268.50"},{"v":0,"d":"$0.00"},{"v":0,"d":"$0.00"},{"v":411.5445796,"d":"$411.54"}]
[{"$f":"IF(D25=0,\"\",1+MAX(A$12:A24))","v":10},null,"#6 Rebar",{"$f":"203/2.66*(8)*1.502","v":{"v":917.0105263157894,"d":"917.01"}},"LBS",{"v":0.1,"d":"10%"},{"v":1008.7115789473684,"d":"1008.71"},0.01,{"v":47.95,"d":"$47.95"},{"v":10.087115789473684,"d":"10.09"},{"v":483.6772021052632,"d":"$483.68"},{"v":0.9,"d":"$0.90"},{"v":907.8404210526315,"d":"$907.84"},{"v":0,"d":"$0.00"},{"v":0,"d":"$0.00"},{"v":1391.5176231578948,"d":"$1,391.52"}]
[{"$f":"IF(D26=0,\"\",1+MAX(A$12:A25))","v":11},null,"Curb Taper",13.26,"LF",{"v":0.1,"d":"10%"},{"v":14.586,"d":"14.59"},{"v":0.105,"d":"0.11"},{"v":47.95,"d":"$47.95"},{"v":1.53153,"d":"1.53"},{"v":73.4368635,"d":"$73.44"},{"v":4.245,"d":"$4.25"},{"v":61.917570000000005,"d":"$61.92"},{"v":0,"d":"$0.00"},{"v":0,"d":"$0.00"},{"v":135.3544335,"d":"$135.35"}]
[{"$f":"IF(D27=0,\"\",1+MAX(A$12:A26))","v":12},null,"Conc. Curb (6'' x 12'')",129.07,"LF",{"v":0.1,"d":"10%"},{"v":141.977,"d":"141.98"},0.11,{"v":47.95,"d":"$47.95"},{"v":15.61747,"d":"15.62"},{"v":748.8576865000001,"d":"$748.86"},{"v":5.18,"d":"$5.18"},{"v":735.4408599999999,"d":"$735.44"},{"v":0,"d":"$0.00"},{"v":0,"d":"$0.00"},{"v":1484.2985465000002,"d":"$1,484.30"}]
[{"$f":"IF(D28=0,\"\",1+MAX(A$12:A27))","v":13},null,"Conc. Curb (6'' x 12'') & Gutter",151.27,"LF",{"v":0.1,"d":"10%"},{"v":166.39700000000002,"d":"166.40"},{"v":0.265,"d":"0.27"},{"v":47.95,"d":"$47.95"},{"v":44.09520500000001,"d":"44.10"},{"v":2114.3650797500004,"d":"$2,114.37"},{"v":15.64,"d":"$15.64"},{"v":2602.4490800000003,"d":"$2,602.45"},{"v":0,"d":"$0.00"},{"v":0,"d":"$0.00"},{"v":4716.814159750001,"d":"$4,716.81"}]
[{"$f":"IF(D29=0,\"\",1+MAX(A$12:A28))","v":14},null,"Conc. Curb (8'' x 12'') & Gutter",69.47,"LF",{"v":0.1,"d":"10%"},{"v":76.417,"d":"76.42"},{"v":0.296,"d":"0.30"},{"v":47.95,"d":"$47.95"},{"v":22.619432,"d":"22.62"},{"v":1084.6017644,"d":"$1,084.60"},{"v":19.86,"d":"$19.86"},{"v":1517.6416199999999,"d":"$1,517.64"},{"v":0,"d":"$0.00"},{"v":0,"d":"$0.00"},{"v":2602.2433843999997,"d":"$2,602.24"}]
[{"$f":"IF(D30=0,\"\",1+MAX(A$12:A29))","v":15},null,"(10'' x 4'') Conc. Wheel Stop ",30.02,"LF",{"v":0.1,"d":"10%"},{"v":33.022,"d":"33.02"},{"v":0.448,"d":"0.45"},{"v":47.95,"d":"$47.95"},{"v":14.793856,"d":"14.79"},{"v":709.3653952000001,"d":"$709.37"},{"v":31.8325,"d":"$31.83"},{"v":1051.172815,"d":"$1,051.17"},{"v":0,"d":"$0.00"},{"v":0,"d":"$0.00"},{"v":1760.5382101999999,"d":"$1,760.54"}]
[{"$f":"IF(D31=0,\"\",1+MAX(A$12:A30))","v":16},null,"#3 Rebar",{"$f":"70*0.376","v":26.32},"LBS",{"v":0.1,"d":"10%"},{"v":28.952,"d":"28.95"},0.01,{"v":47.95,"d":"$47.95"},{"v":0.28952,"d":"0.29"},{"v":13.882484000000002,"d":"$13.88"},{"v":0.9,"d":"$0.90"},{"v":26.056800000000003,"d":"$26.06"},{"v":0,"d":"$0.00"},{"v":0,"d":"$0.00"},{"v":39.939284,"d":"$39.94"}]
[{"$f":"IF(D32=0,\"\",1+MAX(A$12:A31))","v":17},null,"Asphalt Pavement w/\n1.5'' Asphaltic Surface Course, Type SP With Binder",{"v":6394.2,"d":"6,394.20"},"SF",{"v":0.1,"d":"10%"},7033.62,{"v":0.021,"d":"0.02"},{"v":47.95,"d":"$47.95"},{"v":147.70602,"d":"147.71"},{"v":7082.503659,"d":"$7,082.50"},{"v":2.08,"d":"$2.08"},{"v":14629.9296,"d":"$14,629.93"},{"v":0,"d":"$0.00"},{"v":0,"d":"$0.00"},{"v":21712.433258999998,"d":"$21,712.43"}]
[{"$f":"IF(D33=0,\"\",1+MAX(A$12:A32))","v":18},null,"8'' Crushed Conc. Base, LBR 120 Compacted 98% Max. Of Dry Density",{"v":6394.2,"d":"6,394.20"},"SF",{"v":0.1,"d":"10%"},7033.62,0.02,{"v":47.95,"d":"$47.95"},{"v":140.6724,"d":"140.67"},{"v":6745.241580000001,"d":"$6,745.24"},{"v":0.93,"d":"$0.93"},{"v":6541.2666,"d":"$6,541.27"},{"v":0,"d":"$0.00"},{"v":0,"d":"$0.00"},{"v":13286.50818,"d":"$13,286.51"}]
[{"$f":"IF(D34=0,\"\",1+MAX(A$12:A33))","v":19},null,"12'' Stabilized Subgrade, LBR 40 Compacted To 98% Max. Of Dry Density",{"v":6394.2,"d":"6,394.20"},"SF",{"v":0.1,"d":"10%"},7033.62,{"v":0.026,"d":"0.03"},{"v":47.95,"d":"$47.95"},{"v":182.87411999999998,"d":"182.87"},{"v":8768.814053999999,"d":"$8,768.81"},{"v":1.38,"d":"$1.38"},{"v":9706.3956,"d":"$9,706.40"},{"v":0,"d":"$0.00"},{"v":0,"d":"$0.00"},{"v":18475.209654,"d":"$18,475.21"}]
[{"$f":"IF(D35=0,\"\",1+MAX(A$12:A34))","v":20},null,"Asphalt Pavement In R.O.W w/\n1'' Binder Course & 1'' Wearing Surface",728.84,"SF",{"v":0.1,"d":"10%"},{"v":801.724,"d":"801.72"},{"v":0.028,"d":"0.03"},{"v":47.95,"d":"$47.95"},{"v":22.448272000000003,"d":"22.45"},{"v":1076.3946424000003,"d":"$1,076.39"},{"v":1.97,"d":"$1.97"},{"v":1579.3962800000002,"d":"$1,579.40"},{"v":0,"d":"$0.00"},{"v":0,"d":"$0.00"},{"v":2655.7909224000005,"d":"$2,655.79"}]
[{"$f":"IF(D36=0,\"\",1+MAX(A$12:A35))","v":21},null,"8'' Thick Limerock Base Course",728.84,"SF",{"v":0.1,"d":"10%"},{"v":801.724,"d":"801.72"},{"v":0.164,"d":"0.16"},{"v":47.95,"d":"$47.95"},{"v":131.48273600000002,"d":"131.48"},{"v":6304.597191200001,"d":"$6,304.60"},{"v":4.86,"d":"$4.86"},{"v":3896.3786400000004,"d":"$3,896.38"},{"v":0,"d":"$0.00"},{"v":0,"d":"$0.00"},{"v":10200.975831200001,"d":"$10,200.98"}]
[{"$f":"IF(D37=0,\"\",1+MAX(A$12:A36))","v":22},null,"6'' Conc. Sidewalk (3355 SF)",{"$f":"3354.84*0.5/27","v":{"v":62.12666666666667,"d":"62.13"}},"CY",{"v":0.1,"d":"10%"},{"v":68.33933333333334,"d":"68.34"},3.85,{"v":47.95,"d":"$47.95"},{"v":263.10643333333337,"d":"263.11"},{"v":12615.953478333337,"d":"$12,615.95"},{"v":300,"d":"$300.00"},{"v":20501.800000000003,"d":"$20,501.80"},{"v":0,"d":"$0.00"},{"v":0,"d":"$0.00"},{"v":33117.75347833334,"d":"$33,117.75"}]
[null,null,"Trash Enclosure"]
[{"$f":"IF(D39=0,\"\",1+MAX(A$12:A38))","v":23},null,"6'' Dia Conc. Filled Bollard (4' H) ",{"v":9,"d":"9.00"},"EA",{"v":0,"d":"0%"},{"$f":"(F39*D39)+D39","v":{"v":9,"d":"9.00"}},{"v":6.592,"d":"6.59"},{"v":47.95,"d":"$47.95"},{"$f":"H39*G39","v":{"v":59.327999999999996,"d":"59.33"}},{"$f":"I39*J39","v":{"v":2844.7776,"d":"$2,844.78"}},{"v":488.66,"d":"$488.66"},{"$f":"L39*G39","v":{"v":4397.9400000000005,"d":"$4,397.94"}},{"v":0,"d":"$0.00"},{"$f":"N39*G39","v":{"v":0,"d":"$0.00"}},{"$f":"IF(D39=\"\",\"\",(K39+M39+O39))","v":{"v":7242.7176,"d":"$7,242.72"}}]
[{"$f":"IF(D40=0,\"\",1+MAX(A$12:A39))","v":24},null,"(18'' Dia x 3' H) Conc. Footing (9 EA)",{"$f":"((3.14*1.5*1.5/4)*3*9/(27))","v":{"v":1.7662499999999999,"d":"1.77"}},"CY",{"v":0.1,"d":"10%"},{"v":1.942875,"d":"1.94"},4.59,{"v":47.95,"d":"$47.95"},{"v":8.917796249999999,"d":"8.92"},{"v":427.6083301875,"d":"$427.61"},{"v":550,"d":"$550.00"},{"v":1068.58125,"d":"$1,068.58"},{"v":0,"d":"$0.00"},{"v":0,"d":"$0.00"},{"v":1496.1895801874998,"d":"$1,496.19"}]
[{"$f":"IF(D41=0,\"\",1+MAX(A$12:A40))","v":25},null,"5''x5'' Steel Post (6' H) ",{"v":7,"d":"7.00"},"EA",{"v":0,"d":"0%"},{"v":7,"d":"7.00"},{"v":4.471,"d":"4.47"},{"v":47.95,"d":"$47.95"},{"v":31.297,"d":"31.30"},{"v":1500.69115,"d":"$1,500.69"},{"v":199.14,"d":"$199.14"},{"v":1393.98,"d":"$1,393.98"},{"v":0,"d":"$0.00"},{"v":0,"d":"$0.00"},{"v":2894.67115,"d":"$2,894.67"}]
[{"$f":"IF(D42=0,\"\",1+MAX(A$12:A41))","v":26},null,"(18'' Dia x 2'-6'' H) Conc. Footing (7 EA)",{"$f":"((3.14*1.5*1.5/4)*2.5*7/(27))","v":{"v":1.1447916666666667,"d":"1.14"}},"CY",{"v":0.1,"d":"10%"},{"v":1.2592708333333333,"d":"1.26"},4.59,{"v":47.95,"d":"$47.95"},{"v":5.780053125,"d":"5.78"},{"v":277.15354734375,"d":"$277.15"},{"v":550,"d":"$550.00"},{"v":692.5989583333334,"d":"$692.60"},{"v":0,"d":"$0.00"},{"v":0,"d":"$0.00"},{"v":969.7525056770834,"d":"$969.75"}]
[{"$f":"IF(D43=0,\"\",1+MAX(A$12:A42))","v":27},null,"2x4 Steel Bracing",14.86,"LF",{"v":0.1,"d":"10%"},{"v":16.346,"d":"16.35"},{"v":0.098,"d":"0.10"},{"v":47.95,"d":"$47.95"},{"v":1.601908,"d":"1.60"},{"v":76.8114886,"d":"$76.81"},{"v":3.95,"d":"$3.95"},{"v":64.5667,"d":"$64.57"},{"v":0,"d":"$0.00"},{"v":0,"d":"$0.00"},{"v":141.3781886,"d":"$141.38"}]
[{"$f":"IF(D44=0,\"\",1+MAX(A$12:A43))","v":28},null,"2x2x1/4 GA Tabular Steel",24.07,"LF",{"v":0.1,"d":"10%"},{"v":26.477,"d":"26.48"},{"v":0.128,"d":"0.13"},{"v":47.95,"d":"$47.95"},{"v":3.389056,"d":"3.39"},{"v":162.50523520000002,"d":"$162.51"},{"v":5.02,"d":"$5.02"},{"v":132.91454,"d":"$132.91"},{"v":0,"d":"$0.00"},{"v":0,"d":"$0.00"},{"v":295.4197752,"d":"$295.42"}]
[{"$f":"IF(D45=0,\"\",1+MAX(A$12:A44))","v":29},null,"2x4 Steel Mid Rail",12.13,"LF",{"v":0.1,"d":"10%"},{"v":13.343,"d":"13.34"},{"v":0.098,"d":"0.10"},{"v":47.95,"d":"$47.95"},{"v":1.307614,"d":"1.31"},{"v":62.700091300000004,"d":"$62.70"},{"v":3.95,"d":"$3.95"},{"v":52.70485,"d":"$52.70"},{"v":0,"d":"$0.00"},{"v":0,"d":"$0.00"},{"v":115.4049413,"d":"$115.40"}]
[{"$f":"IF(D46=0,\"\",1+MAX(A$12:A45))","v":30},null,"Vinyl 1x6 Fence Slats Color SW 7693 Stone Briar (5'-7'' H)",34.07,"LF",{"v":0.1,"d":"10%"},{"v":37.477000000000004,"d":"37.48"},{"v":0.036,"d":"0.04"},{"v":47.95,"d":"$47.95"},{"v":1.349172,"d":"1.35"},{"v":64.6927974,"d":"$64.69"},{"v":1.2572533849129595,"d":"$1.26"},{"v":47.118085106382985,"d":"$47.12"},{"v":0,"d":"$0.00"},{"v":0,"d":"$0.00"},{"v":111.810882506383,"d":"$111.81"}]
[{"$f":"IF(D47=0,\"\",1+MAX(A$12:A46))","v":31},null,"6'' Conc. Slab w/ (122 SF)\n6''x6''x10x10 WWm",{"$f":"121.36*0.5/27","v":{"v":2.2474074074074073,"d":"2.25"}},"CY",{"v":0.1,"d":"10%"},{"v":2.472148148148148,"d":"2.47"},3.85,{"v":47.95,"d":"$47.95"},{"v":9.517770370370371,"d":"9.52"},{"v":456.3770892592593,"d":"$456.38"},{"v":300,"d":"$300.00"},{"v":741.6444444444445,"d":"$741.64"},{"v":0,"d":"$0.00"},{"v":0,"d":"$0.00"},{"v":1198.0215337037039,"d":"$1,198.02"}]
[null,null,"Signs/ Signs Footing & Pavement Strips"]
[{"$f":"IF(D49=0,\"\",1+MAX(A$12:A48))","v":32},null,"6'' Dia SCH. 40 Steel Pipe Filled w/ Conc. (3' H)\nPainted Yellow Traffic",{"v":6,"d":"6.00"},"EA",{"v":0,"d":"0%"},{"$f":"(F49*D49)+D49","v":{"v":6,"d":"6.00"}},{"v":6.317,"d":"6.32"},{"v":47.95,"d":"$47.95"},{"$f":"H49*G49","v":{"v":37.902,"d":"37.90"}},{"$f":"I49*J49","v":{"v":1817.4009,"d":"$1,817.40"}},{"v":443.39,"d":"$443.39"},{"$f":"L49*G49","v":{"v":2660.34,"d":"$2,660.34"}},{"v":0,"d":"$0.00"},{"$f":"N49*G49","v":{"v":0,"d":"$0.00"}},{"$f":"IF(D49=\"\",\"\",(K49+M49+O49))","v":{"v":4477.740900000001,"d":"$4,477.74"}}]
[{"$f":"IF(D50=0,\"\",1+MAX(A$12:A49))","v":33},null,"(2' Dia x 2'-6'' H) Conc. Footing (6 EA)",{"$f":"((3.14*2.586)/27)","v":{"v":0.3007422222222222,"d":"0.30"}},"CY",{"v":0.1,"d":"10%"},{"v":0.3308164444444444,"d":"0.33"},4.59,{"v":47.95,"d":"$47.95"},{"v":1.5184474799999998,"d":"1.52"},{"v":72.80955666599999,"d":"$72.81"},{"v":550,"d":"$550.00"},{"v":181.94904444444444,"d":"$181.95"},{"v":0,"d":"$0.00"},{"v":0,"d":"$0.00"},{"v":254.75860111044443,"d":"$254.76"}]
[{"$f":"IF(D51=0,\"\",1+MAX(A$12:A50))","v":34},null,"Handicap Accessible Sign ",{"v":1,"d":"1.00"},"EA",{"v":0,"d":"0%"},{"v":1,"d":"1.00"},{"v":1.296,"d":"1.30"},{"v":47.95,"d":"$47.95"},{"v":1.296,"d":"1.30"},{"v":62.14320000000001,"d":"$62.14"},{"v":48.72,"d":"$48.72"},{"v":48.72,"d":"$48.72"},{"v":0,"d":"$0.00"},{"v":0,"d":"$0.00"},{"v":110.8632,"d":"$110.86"}]
[{"$f":"IF(D52=0,\"\",1+MAX(A$12:A51))","v":35},null,"Stop Sign",{"v":1,"d":"1.00"},"EA",{"v":0,"d":"0%"},{"v":1,"d":"1.00"},{"v":1.274,"d":"1.27"},{"v":47.95,"d":"$47.95"},{"v":1.274,"d":"1.27"},{"v":61.088300000000004,"d":"$61.09"},{"v":48.15,"d":"$48.15"},{"v":48.15,"d":"$48.15"},{"v":0,"d":"$0.00"},{"v":0,"d":"$0.00"},{"v":109.23830000000001,"d":"$109.24"}]
[{"$f":"IF(D53=0,\"\",1+MAX(A$12:A52))","v":36},null,"One-Way Facing West Sign ",{"v":1,"d":"1.00"},"EA",{"v":0,"d":"0%"},{"v":1,"d":"1.00"},{"v":1.516,"d":"1.52"},{"v":47.95,"d":"$47.95"},{"v":1.516,"d":"1.52"},{"v":72.6922,"d":"$72.69"},{"v":54.94,"d":"$54.94"},{"v":54.94,"d":"$54.94"},{"v":0,"d":"$0.00"},{"v":0,"d":"$0.00"},{"v":127.6322,"d":"$127.63"}]
[{"$f":"IF(D54=0,\"\",1+MAX(A$12:A53))","v":37},null,"(18'' Dia x 2' H) Conc. Footing (3 EA)",{"$f":"((3.14*1.5*1.5/4)*2*3/(27))","v":{"v":0.3925,"d":"0.39"}},"CY",{"v":0.1,"d":"10%"},{"v":0.43175,"d":"0.43"},4.59,{"v":47.95,"d":"$47.95"},{"v":1.9817325000000001,"d":"1.98"},{"v":95.02407337500001,"d":"$95.02"},{"v":550,"d":"$550.00"},{"v":237.4625,"d":"$237.46"},{"v":0,"d":"$0.00"},{"v":0,"d":"$0.00"},{"v":332.48657337500003,"d":"$332.49"}]
[{"$f":"IF(D55=0,\"\",1+MAX(A$12:A54))","v":38},null,"6'' Dia Conc. Filled Bollard (4' H) ",{"v":6,"d":"6.00"},"EA",{"v":0,"d":"0%"},{"v":6,"d":"6.00"},{"v":7.982,"d":"7.98"},{"v":47.95,"d":"$47.95"},{"v":47.892,"d":"47.89"},{"v":2296.4214,"d":"$2,296.42"},{"v":569.2,"d":"$569.20"},{"v":3415.2000000000003,"d":"$3,415.20"},{"v":0,"d":"$0.00"},{"v":0,"d":"$0.00"},{"v":5711.6214,"d":"$5,711.62"}]
[{"$f":"IF(D56=0,\"\",1+MAX(A$12:A55))","v":39},null,"(18'' Dia x 3' H) Conc. Footing (6 EA)",{"$f":"((3.14*1.5*1.5/4)*3*6/(27))","v":{"v":1.1775,"d":"1.18"}},"CY",{"v":0.1,"d":"10%"},{"v":1.29525,"d":"1.30"},4.59,{"v":47.95,"d":"$47.95"},{"v":5.9451975,"d":"5.95"},{"v":285.072220125,"d":"$285.07"},{"v":550,"d":"$550.00"},{"v":712.3875,"d":"$712.39"},{"v":0,"d":"$0.00"},{"v":0,"d":"$0.00"},{"v":997.4597201250001,"d":"$997.46"}]
[{"$f":"IF(D57=0,\"\",1+MAX(A$12:A56))","v":40},null,"Traffic Flow Arrow W/ White Reflective Traffic Paint",{"v":9,"d":"9.00"},"EA",{"v":0,"d":"0%"},{"v":9,"d":"9.00"},{"v":1.689,"d":"1.69"},{"v":47.95,"d":"$47.95"},{"v":15.201,"d":"15.20"},{"v":728.88795,"d":"$728.89"},{"v":72.29,"d":"$72.29"},{"v":650.61,"d":"$650.61"},{"v":0,"d":"$0.00"},{"v":0,"d":"$0.00"},{"v":1379.49795,"d":"$1,379.50"}]
[{"$f":"IF(D58=0,\"\",1+MAX(A$12:A57))","v":41},null,"Accessible Parking Logo W/ White Reflective Paint Over\n(3'-6'' x 3') Rectangular Shape w/ Blue Paint",{"v":1,"d":"1.00"},"EA",{"v":0,"d":"0%"},{"v":1,"d":"1.00"},{"v":3.259,"d":"3.26"},{"v":47.95,"d":"$47.95"},{"v":3.259,"d":"3.26"},{"v":156.26905,"d":"$156.27"},{"v":114.78,"d":"$114.78"},{"v":114.78,"d":"$114.78"},{"v":0,"d":"$0.00"},{"v":0,"d":"$0.00"},{"v":271.04904999999997,"d":"$271.05"}]
[{"$f":"IF(D59=0,\"\",1+MAX(A$12:A58))","v":42},null,"4'' White Thermoplastic Striping",217.63,"LF",{"v":0.1,"d":"10%"},{"v":239.393,"d":"239.39"},{"v":0.025,"d":"0.03"},{"v":47.95,"d":"$47.95"},{"v":5.984825000000001,"d":"5.98"},{"v":286.97235875000007,"d":"$286.97"},{"v":1.4,"d":"$1.40"},{"v":335.1502,"d":"$335.15"},{"v":0,"d":"$0.00"},{"v":0,"d":"$0.00"},{"v":622.12255875,"d":"$622.12"}]
[{"$f":"IF(D60=0,\"\",1+MAX(A$12:A59))","v":43},null,"12'' White Thermoplastic Stripes",72.69,"LF",{"v":0.1,"d":"10%"},{"v":79.959,"d":"79.96"},{"v":0.088,"d":"0.09"},{"v":47.95,"d":"$47.95"},{"v":7.036392,"d":"7.04"},{"v":337.3949964,"d":"$337.39"},{"v":4.28,"d":"$4.28"},{"v":342.22452000000004,"d":"$342.22"},{"v":0,"d":"$0.00"},{"v":0,"d":"$0.00"},{"v":679.6195164000001,"d":"$679.62"}]
[{"$f":"IF(D61=0,\"\",1+MAX(A$12:A60))","v":44},null,"24'' White Thermoplastic Stop Bar",11.67,"LF",{"v":0.1,"d":"10%"},{"v":12.837,"d":"12.84"},{"v":0.158,"d":"0.16"},{"v":47.95,"d":"$47.95"},{"v":2.0282459999999998,"d":"2.03"},{"v":97.25439569999999,"d":"$97.25"},{"v":8.59,"d":"$8.59"},{"v":110.26983,"d":"$110.27"},{"v":0,"d":"$0.00"},{"v":0,"d":"$0.00"},{"v":207.5242257,"d":"$207.52"}]
[{"$f":"IF(D62=0,\"\",1+MAX(A$12:A61))","v":45},null,"4'' Yellow Striping",49.99,"LF",{"v":0.1,"d":"10%"},{"v":54.989000000000004,"d":"54.99"},{"v":0.025,"d":"0.03"},{"v":47.95,"d":"$47.95"},{"v":1.3747250000000002,"d":"1.37"},{"v":65.91806375000002,"d":"$65.92"},{"v":1.4,"d":"$1.40"},{"v":76.9846,"d":"$76.98"},{"v":0,"d":"$0.00"},{"v":0,"d":"$0.00"},{"v":142.90266375000002,"d":"$142.90"}]
[{"$f":"IF(D63=0,\"\",1+MAX(A$12:A62))","v":46},null,"6'' White Parking Lane",110.26,"LF",{"v":0.1,"d":"10%"},{"v":121.286,"d":"121.29"},{"v":0.045,"d":"0.05"},{"v":47.95,"d":"$47.95"},{"v":5.45787,"d":"5.46"},{"v":261.7048665,"d":"$261.70"},{"v":2.06,"d":"$2.06"},{"v":249.84916,"d":"$249.85"},{"v":0,"d":"$0.00"},{"v":0,"d":"$0.00"},{"v":511.55402649999996,"d":"$511.55"}]
[{"$f":"IF(D64=0,\"\",1+MAX(A$12:A63))","v":47},null,"12'' White Crosswalk Lines",14.24,"LF",{"v":0.1,"d":"10%"},{"v":15.664,"d":"15.66"},{"v":0.088,"d":"0.09"},{"v":47.95,"d":"$47.95"},{"v":1.3784319999999999,"d":"1.38"},{"v":66.0958144,"d":"$66.10"},{"v":4.28,"d":"$4.28"},{"v":67.04192,"d":"$67.04"},{"v":0,"d":"$0.00"},{"v":0,"d":"$0.00"},{"v":133.1377344,"d":"$133.14"}]
[{"$f":"IF(D65=0,\"\",1+MAX(A$12:A64))","v":48},null,"4'' Blue Strip",37.04,"LF",{"v":0.1,"d":"10%"},{"v":40.744,"d":"40.74"},{"v":0.025,"d":"0.03"},{"v":47.95,"d":"$47.95"},{"v":1.0186,"d":"1.02"},{"v":48.84187,"d":"$48.84"},{"v":1.4,"d":"$1.40"},{"v":57.041599999999995,"d":"$57.04"},{"v":0,"d":"$0.00"},{"v":0,"d":"$0.00"},{"v":105.88346999999999,"d":"$105.88"}]
[{"$f":"IF(D66=0,\"\",1+MAX(A$12:A65))","v":49},null,"Painted Handrail (3' H)",43.43,"LF",{"v":0.1,"d":"10%"},{"v":47.772999999999996,"d":"47.77"},0.35,{"v":47.95,"d":"$47.95"},{"v":16.72055,"d":"16.72"},{"v":801.7503725,"d":"$801.75"},{"v":35,"d":"$35.00"},{"v":1672.0549999999998,"d":"$1,672.06"},{"v":0,"d":"$0.00"},{"v":0,"d":"$0.00"},{"v":2473.8053725,"d":"$2,473.81"}]
[{"$f":"IF(D67=0,\"\",1+MAX(A$12:A66))","v":50},null,"Detectable Warning Strip (2' W)",4.04,"LF",{"v":0.1,"d":"10%"},{"v":4.444,"d":"4.44"},{"v":2.674,"d":"2.67"},{"v":47.95,"d":"$47.95"},{"v":11.883256,"d":"11.88"},{"v":569.8021252,"d":"$569.80"},{"v":96.33333333333333,"d":"$96.33"},{"v":428.1053333333333,"d":"$428.11"},{"v":0,"d":"$0.00"},{"v":0,"d":"$0.00"},{"v":997.9074585333333,"d":"$997.91"}]
[{"$f":"IF(D68=0,\"\",1+MAX(A$12:A67))","v":51},null,"MOT (Allowance)",{"v":5,"d":"5.00"},"EA",{"v":0,"d":"0%"},{"v":5,"d":"5.00"},{"v":9.762,"d":"9.76"},{"v":47.95,"d":"$47.95"},48.81,{"v":2340.4395000000004,"d":"$2,340.44"},{"v":385,"d":"$385.00"},{"v":1925,"d":"$1,925.00"},{"v":0,"d":"$0.00"},{"v":0,"d":"$0.00"},{"v":4265.4395,"d":"$4,265.44"}]
[null,null,"Erosion Control"]
[{"$f":"IF(D70=0,\"\",1+MAX(A$12:A69))","v":52},null,"(9'-2'' x 10'-6'') Temporary Conc. Washout Area",{"v":1,"d":"1.00"},"EA",{"v":0,"d":"0%"},{"$f":"(F70*D70)+D70","v":{"v":1,"d":"1.00"}},{"v":19.872,"d":"19.87"},{"v":47.95,"d":"$47.95"},{"$f":"H70*G70","v":{"v":19.872,"d":"19.87"}},{"$f":"I70*J70","v":{"v":952.8624000000001,"d":"$952.86"}},{"v":854.96,"d":"$854.96"},{"$f":"L70*G70","v":{"v":854.96,"d":"$854.96"}},{"v":0,"d":"$0.00"},{"$f":"N70*G70","v":{"v":0,"d":"$0.00"}},{"$f":"IF(D70=\"\",\"\",(K70+M70+O70))","v":{"v":1807.8224,"d":"$1,807.82"}}]
[{"$f":"IF(D71=0,\"\",1+MAX(A$12:A70))","v":53},null,"Filter Fabric Silt Fence (2'-6'' H) ",431.35,"LF",{"v":0.1,"d":"10%"},{"v":474.485,"d":"474.49"},{"v":0.0962,"d":"0.10"},{"v":47.95,"d":"$47.95"},{"v":45.645457,"d":"45.65"},{"v":2188.69966315,"d":"$2,188.70"},{"v":1.554,"d":"$1.55"},{"v":737.34969,"d":"$737.35"},{"v":0,"d":"$0.00"},{"v":0,"d":"$0.00"},{"v":2926.04935315,"d":"$2,926.05"}]
[{"$f":"IF(D72=0,\"\",1+MAX(A$12:A71))","v":54},null,"1-1/2'' Dia Wooden Post (3' H)",{"$f":"432/6","v":{"v":72,"d":"72.00"}},"EA",{"v":0,"d":"0%"},{"v":72,"d":"72.00"},{"v":0.6438,"d":"0.64"},{"v":47.95,"d":"$47.95"},{"v":46.3536,"d":"46.35"},{"v":2222.6551200000004,"d":"$2,222.66"},{"v":26.6215,"d":"$26.62"},{"v":1916.748,"d":"$1,916.75"},{"v":0,"d":"$0.00"},{"v":0,"d":"$0.00"},{"v":4139.403120000001,"d":"$4,139.40"}]
[{"$f":"IF(D73=0,\"\",1+MAX(A$12:A72))","v":55},null,"Rock Barrier Bags For Inlet Protection",3.82,"LF",{"v":0.1,"d":"10%"},{"v":4.202,"d":"4.20"},{"v":0.222,"d":"0.22"},{"v":47.95,"d":"$47.95"},{"v":0.932844,"d":"0.93"},{"v":44.7298698,"d":"$44.73"},{"v":4.773000000000001,"d":"$4.77"},{"v":20.056146000000002,"d":"$20.06"},{"v":0,"d":"$0.00"},{"v":0,"d":"$0.00"},{"v":64.7860158,"d":"$64.79"}]
[{"$f":"IF(D74=0,\"\",1+MAX(A$12:A73))","v":56},null,"Conztruction Exit Of 3''-6'' Clean Stone w/ Filter Fabric",596.97,"SF",{"v":0.1,"d":"10%"},{"v":656.667,"d":"656.67"},{"v":0.057350000000000005,"d":"0.06"},{"v":47.95,"d":"$47.95"},{"v":37.65985245,"d":"37.66"},{"v":1805.7899249775003,"d":"$1,805.79"},{"v":4.847,"d":"$4.85"},{"v":3182.8649490000003,"d":"$3,182.86"},{"v":0,"d":"$0.00"},{"v":0,"d":"$0.00"},{"v":4988.654873977501,"d":"$4,988.65"}]
[null,null,"Landscaping"]
[null,null,"Trees"]
[{"$f":"IF(D77=0,\"\",1+MAX(A$12:A76))","v":57},null,"BS: Bursera Simaruba\nCommon Name: Gumbo Limbo",{"v":3,"d":"3.00"},"EA",{"v":0,"d":"0%"},{"$f":"(F77*D77)+D77","v":{"v":3,"d":"3.00"}},{"v":5.126,"d":"5.13"},{"v":41.64,"d":"$41.64"},{"$f":"H77*G77","v":{"v":15.378,"d":"15.38"}},{"$f":"I77*J77","v":{"v":640.33992,"d":"$640.34"}},{"v":287.5,"d":"$287.50"},{"$f":"L77*G77","v":{"v":862.5,"d":"$862.50"}},{"v":0,"d":"$0.00"},{"$f":"N77*G77","v":{"v":0,"d":"$0.00"}},{"$f":"IF(D77=\"\",\"\",(K77+M77+O77))","v":{"v":1502.83992,"d":"$1,502.84"}}]
[{"$f":"IF(D78=0,\"\",1+MAX(A$12:A77))","v":58},null,"CS: Conocarpus Erectus Sericeus\r\nCommon Name: Silver Buttonwood",{"v":4,"d":"4.00"},"EA",{"v":0,"d":"0%"},{"v":4,"d":"4.00"},{"v":5.347,"d":"5.35"},{"v":41.64,"d":"$41.64"},{"v":21.388,"d":"21.39"},{"v":890.5963200000001,"d":"$890.60"},{"v":294.95,"d":"$294.95"},{"v":1179.8,"d":"$1,179.80"},{"v":0,"d":"$0.00"},{"v":0,"d":"$0.00"},{"v":2070.39632,"d":"$2,070.40"}]
[{"$f":"IF(D79=0,\"\",1+MAX(A$12:A78))","v":59},null,"LS: Lagerstroemia Speciosa\r\nCommon Name: Queen's Crape Myrtle",{"v":3,"d":"3.00"},"EA",{"v":0,"d":"0%"},{"v":3,"d":"3.00"},{"v":6.994,"d":"6.99"},{"v":41.64,"d":"$41.64"},{"v":20.982,"d":"20.98"},{"v":873.69048,"d":"$873.69"},{"v":335.97,"d":"$335.97"},{"v":1007.9100000000001,"d":"$1,007.91"},{"v":0,"d":"$0.00"},{"v":0,"d":"$0.00"},{"v":1881.60048,"d":"$1,881.60"}]
[{"$f":"IF(D80=0,\"\",1+MAX(A$12:A79))","v":60},null,"QV: Quercus Virginiana\r\nCommon Name: Live Oak",{"v":2,"d":"2.00"},"EA",{"v":0,"d":"0%"},{"v":2,"d":"2.00"},{"v":6.647,"d":"6.65"},{"v":41.64,"d":"$41.64"},{"v":13.294,"d":"13.29"},{"v":553.5621600000001,"d":"$553.56"},{"v":319,"d":"$319.00"},{"v":638,"d":"$638.00"},{"v":0,"d":"$0.00"},{"v":0,"d":"$0.00"},{"v":1191.56216,"d":"$1,191.56"}]
[{"$f":"IF(D81=0,\"\",1+MAX(A$12:A80))","v":61},null,"SM: Swietenia Mahagoni\r\nCommon Name: Mahagony",{"v":4,"d":"4.00"},"EA",{"v":0,"d":"0%"},{"v":4,"d":"4.00"},{"v":7.583,"d":"7.58"},{"v":41.64,"d":"$41.64"},{"v":30.332,"d":"30.33"},{"v":1263.02448,"d":"$1,263.02"},{"v":395,"d":"$395.00"},{"v":1580,"d":"$1,580.00"},{"v":0,"d":"$0.00"},{"v":0,"d":"$0.00"},{"v":2843.02448,"d":"$2,843.02"}]
[{"$f":"IF(D82=0,\"\",1+MAX(A$12:A81))","v":62},null,"TH: Tabebuia Heterophylla\r\nCommon Name: Pink Tabebuia",{"v":2,"d":"2.00"},"EA",{"v":0,"d":"0%"},{"v":2,"d":"2.00"},{"v":6.815,"d":"6.82"},{"v":41.64,"d":"$41.64"},13.63,{"v":567.5532000000001,"d":"$567.55"},{"v":325,"d":"$325.00"},{"v":650,"d":"$650.00"},{"v":0,"d":"$0.00"},{"v":0,"d":"$0.00"},{"v":1217.5532,"d":"$1,217.55"}]
[null,null,"Shrubs"]
[{"$f":"IF(D84=0,\"\",1+MAX(A$12:A83))","v":63},null,"LP: Lantana Montevidensis\nCommon Name: Trailing Purple Lantana",{"v":47,"d":"47.00"},"EA",{"v":0,"d":"0%"},{"$f":"(F84*D84)+D84","v":{"v":47,"d":"47.00"}},{"v":0.712,"d":"0.71"},{"v":41.64,"d":"$41.64"},{"$f":"H84*G84","v":{"v":33.464,"d":"33.46"}},{"$f":"I84*J84","v":{"v":1393.44096,"d":"$1,393.44"}},{"v":27.98,"d":"$27.98"},{"$f":"L84*G84","v":{"v":1315.06,"d":"$1,315.06"}},{"v":0,"d":"$0.00"},{"$f":"N84*G84","v":{"v":0,"d":"$0.00"}},{"$f":"IF(D84=\"\",\"\",(K84+M84+O84))","v":{"v":2708.50096,"d":"$2,708.50"}}]
[{"$f":"IF(D85=0,\"\",1+MAX(A$12:A84))","v":64},null,"VO: Viburnum Obavatum\nCommon Name: Walter's Viburnum",{"v":109,"d":"109.00"},"EA",{"v":0,"d":"0%"},{"v":109,"d":"109.00"},{"v":0.753,"d":"0.75"},{"v":41.64,"d":"$41.64"},{"v":82.077,"d":"82.08"},{"v":3417.68628,"d":"$3,417.69"},{"v":28.98,"d":"$28.98"},{"v":3158.82,"d":"$3,158.82"},{"v":0,"d":"$0.00"},{"v":0,"d":"$0.00"},{"v":6576.50628,"d":"$6,576.51"}]
[null,null,"Turf"]
[{"$f":"IF(D87=0,\"\",1+MAX(A$12:A86))","v":65},null,"Paspalum Notatum 'Argentine'\nCommon Name: Argentine Bahiagrass",{"v":1202.85,"d":"1,202.85"},"SF",{"v":0.1,"d":"10%"},{"$f":"(F87*D87)+D87","v":{"v":1323.135,"d":"1323.14"}},{"v":0.026,"d":"0.03"},{"v":41.64,"d":"$41.64"},{"$f":"H87*G87","v":{"v":34.401509999999995,"d":"34.40"}},{"$f":"I87*J87","v":{"v":1432.4788763999998,"d":"$1,432.48"}},{"v":0.68,"d":"$0.68"},{"$f":"L87*G87","v":{"v":899.7318,"d":"$899.73"}},{"v":0,"d":"$0.00"},{"$f":"N87*G87","v":{"v":0,"d":"$0.00"}},{"$f":"IF(D87=\"\",\"\",(K87+M87+O87))","v":{"v":2332.2106764,"d":"$2,332.21"}}]
[{"$f":"IF(E88=0,\"\",1+MAX(#REF!))","v":""},{"$nulls":13},"SUBTOTAL",{"$f":"SUM(P22:P87)","v":{"v":217897.96656368722,"d":"$217,897.97"}}]
[]
["PROJECTED COST",{"$nulls":14},{"$f":"SUM(P11:P89)/2","v":{"v":243675.2960081714,"d":"$243,675"}}]
["OVERHEAD AND PROFIT",{"$nulls":13},{"v":0.2,"d":"20%"},{"$f":"$P$90*O91","v":{"v":48735.059201634285,"d":"$48,735"}}]
["INSURANCE",{"$nulls":13},{"v":0.03,"d":"3%"},{"$f":"$P$90*O92","v":{"v":7310.258880245142,"d":"$7,310"}}]
["CONTINGENCY",{"$nulls":13},{"v":0.05,"d":"5%"},{"$f":"$P$90*O93","v":{"v":12183.764800408571,"d":"$12,184"}}]
["SUGGESTED BID",{"$nulls":14},{"$f":"SUM(P90:P93)","v":{"v":311904.37889045937,"d":"$311,904"}}]
["NOTES:"]
[null,"General Notes: The prices used while preparing the estimate were taken from RSMeans online i.e. the standard pricing. So, it is preferred to review the prices."]
[]
[null,null,"Note",{"$nulls":9},"Legend"]
[null,1,"The drawings are scaled as per the mentioned scales on the plans.",{"$nulls":9},"LBS = Pound "]
[{"$nulls":12},"SF= Square Feet"]
[{"$nulls":12},"LF = Linear Feet"]
[{"$nulls":12},"EA = Each"]
[{"$nulls":12},"CY = Cubic Yard"]
[{"$nulls":12},"SY = Square Yard"]
[{"$nulls":12},"LOC = Location"]
[{"$nulls":12},"LS = Lum Sum"]